LEKSHMANAREKHA MURICHU KADAKKUMBOL (Record no. 105284)

MARC details
000 -LEADER
fixed length control field 00400nam a2200133Ia 4500
008 - FIXED-LENGTH DATA ELEMENTS--GENERAL INFORMATION
fixed length control field 211119s9999||||xx |||||||||||||| ||und||
082 ## - DEWEY DECIMAL CLASSIFICATION NUMBER
Classification number 894.812 3
Item number HEM-L
100 ## - MAIN ENTRY--PERSONAL NAME
Personal name Hemalathadevi, G
245 #0 - TITLE STATEMENT
Title LEKSHMANAREKHA MURICHU KADAKKUMBOL
260 ## - PUBLICATION, DISTRIBUTION, ETC.
Name of publisher, distributor, etc. Pappiyon
Place of publication, distribution, etc. Kozhikodu
Date of publication, distribution, etc. 2004
300 ## - PHYSICAL DESCRIPTION
Extent 191p
650 ## - SUBJECT ADDED ENTRY--TOPICAL TERM
Topical term or geographic name entry element Literature
942 ## - ADDED ENTRY ELEMENTS (KOHA)
Koha item type BOOK
650 ## - SUBJECT ADDED ENTRY--TOPICAL TERM
Form subdivision malayalam literatureMalayalam NovelsGeneralia
General subdivision General Stack
Holdings
Withdrawn status Lost status Source of classification or shelving scheme Damaged status Not for loan Home library Current library Date acquired Cost, normal purchase price Full call number Barcode Shelving location Date last seen Price effective from Koha item type
    Dewey Decimal Classification     SB LIBRARY SB LIBRARY 19/11/2021 100.00 894.8129 HEM-L 00118661 GENERAL STACK 19/11/2021 19/11/2021 BOOK

Powered by Koha